[Event "ISR-ch"]
[Site "Jerusalem"]
[Date "1996.??.??"]
[Round "4"]
[White "Gruenfeld, Yehuda"]
[Black "Oratovsky, Michael"]
[Result "1-0"]
[WhiteElo "2510"]
[BlackElo "2485"]
[Annotator "Kantsler,B"]
[PlyCount "77"]
[EventDate "1996.10.26"]
[EventType "swiss"]
[EventRounds "9"]
[EventCountry "ISR"]
[SourceTitle "CBM 056"]
[Source "ChessBase"]
[SourceDate "1997.02.01"]
[SourceVersion "1"]
[SourceVersionDate "1997.02.01"]
[SourceQuality "1"]

1. e4 {Meulders} c5 2. Nf3 e6 3. d4 cxd4 4. Nxd4 a6 5. Bd3 g6 (5... Ne7 6. O-O
g6 7. c4 Bg7 8. Be3 Nbc6 9. Nxc6 bxc6 $6 10. c5 $1 Bxb2 11. Nd2 $36 {Topalov,
V-Polgar,J-Las Palmas/1994/1:0/53/}) (5... d6 6. O-O g6 7. Nf3 Bg7 8. Bg5 Qc7
9. Nbd2 Nd7 10. c3 Ngf6 11. Re1 h6 12. Bh4 g5 13. Bg3 Nh5 14. Bf1 Nxg3 15. hxg3
g4 16. Nd4 Ne5 $17 {Gruenfeld,Y-Yudasin,L/ISR-tch/1996/0:1/37/}) 6. O-O (6. b3
Bg7 7. Bb2 Nf6 8. O-O O-O 9. Nd2 Nh5 10. Re1 b6 11. Nc4 Bb7 12. Nd6 $16 {
Ivanchuk,V-Shirov,A/Monaco/1996/}) (6. Be3 Bg7 7. O-O Ne7 8. f4 (8. c4 $5) 8...
Nbc6 9. Nxc6 Nxc6 10. c3 O-O 11. Nd2 d6 12. a4 Rb8 13. Qe2 Bd7 14. Nf3 Qc7 $10
{Salov,V-Polgar,J/Buenos Aires/1994/0,5/21/}) (6. c4 Bg7 7. Nc2 (7. Be3 d5 $5
8. exd5 exd5 9. Nc3 Nf6 10. O-O O-O 11. h3 Nbd7 12. Nf3 dxc4 13. Bxc4 b5 14.
Bb3 Bb7 $13) (7. Nb3 Nc6 8. Nc3 Nge7 9. Bg5 h6 10. Bh4 O-O 11. O-O g5 12. Bg3
Ne5 13. f4 gxf4 14. Bxf4 N7g6 $13 {Smirin,I-Oratovsky,M/ISR-tch/1996/1:0/37/})
7... Ne7 8. Nc3 Nbc6 9. O-O O-O 10. Bf4 d5 $5 11. exd5 exd5 12. c5 b6 13. cxb6
Qxb6 14. Na4 Qa5 15. Ne3 Ne5 16. Bc2 d4 $17 {Rodriquez,Am-Ionescu,C/Moscow-olm/
1994/}) 6... Bg7 7. Nf3 Nc6 (7... d6 8. Bg5 (8. c4 $5 Qc7) 8... Qb6 9. Nbd2 $14
) 8. c4 Nge7 9. Nc3 O-O 10. Bg5 (10. Bf4 $6 d6 11. Be2 e5 $13) 10... h6 11. Bh4
d6 12. Be2 e5 13. Bxe7 Qxe7 $8 14. Qd2 (14. Nd5 {Meulders} Qd8 15. Qd3 f5 16.
Rfd1 fxe4 17. Qxe4 Bf5 $15) 14... Be6 15. Rad1 Rad8 16. Nd5 Qd7 (16... Bxd5 17.
cxd5 $16) 17. b4 f5 18. b5 fxe4 (18... Ne7 $5 $13) 19. bxc6 bxc6 20. Nh4 $1 (
20. Nb6 $2 Qc7 $17) 20... cxd5 21. Nxg6 $1 (21. cxd5 Bf7 {/\g5-/+/}) 21... Rf6
(21... dxc4 $5 22. Nxf8 Bxf8 $14) 22. cxd5 Bf5 (22... Rxg6 $6 23. dxe6 Qxe6 24.
Bxa6 $16) (22... Bh3 $5 23. Nxe5 $1 (23. Nh4 $2 Rf4 24. gxh3 Rxh4 25. Bg4 Rxg4+
$10) 23... dxe5 24. gxh3 Qxh3 25. Kh1 $14) 23. Nh4 Bh7 24. g3 $1 (24. Bxa6 $2
Rf4 25. g3 Rxh4 26. gxh4 Qg4+ $10) 24... Rdf8 25. Bh5 $1 Rf3 (25... Qa7 $5 {
Meulders}) 26. Qe2 $1 (26. Nxf3 $2 exf3 27. Kh1 e4 $13) (26. Bxf3 $1 {Meulders}
exf3 27. Kh1 e4 28. Rc1 Qh3 29. Rg1 $18) 26... Ra3 27. Bg6 Bf6 28. Bxh7+ Qxh7
29. Qg4+ Bg5 30. Qe6+ Qf7 31. Qxd6 Rxa2 32. Qg6+ (32. Ng6 Rd8 33. Qb6 Qf6 $13)
32... Qxg6 33. Nxg6 Rf5 (33... Re8 34. d6 $14) 34. h4 (34. d6 $6 Kf7 $10) 34...
Bf6 35. Ra1 Rfxf2 $4 (35... Rxa1 36. Rxa1 Kf7 (36... Kg7 {Meulders} 37. g4 Rf3
38. h5 Rd3 39. Rxa6 Rxd5 40. Ra7+ Kg8 41. Ra6 Kg7 $11) 37. g4 Rf3 38. h5 $14) (
35... Rd2 36. Rxa6 Rxd5 $4 37. Rxf6 $18) 36. Rxa2 Rxa2 37. Rxf6 Kg7 38. Re6 e3
39. Nxe5 1-0

[Event "Linares-03"]
[Site "Linares"]
[Date "1981.01.29"]
[Round "10"]
[White "Ljubojevic, Ljubomir"]
[Black "Bellon Lopez, Juan Manuel"]
[Result "1-0"]
[WhiteElo "2605"]
[BlackElo "2415"]
[Annotator "Kharitonov,A"]
[PlyCount "85"]
[EventDate "1981.01.17"]
[EventType "tourn"]
[EventRounds "11"]
[EventCountry "ESP"]
[EventCategory "13"]
[SourceTitle "MCL"]
[Source "ChessBase"]
[SourceDate "1999.07.01"]
[SourceVersion "1"]
[SourceVersionDate "1999.07.01"]
[SourceQuality "1"]

1. e4 c5 2. Nf3 e6 3. d4 cxd4 4. Nxd4 a6 5. Bd3 Nf6 6. O-O (6. c4 Nc6 $5 7. Be3
Ne5 8. O-O Qc7 9. h3 b6 10. Nc3 Bb7 11. Rc1 Bb4 $13 {Kaidanov,G-Kharitonov,A/
Lvov/1985/0,5 (25)/}) 6... d6 7. c4 Be7 8. Nc3 O-O 9. Be3 (9. b3 $5 b6 10. Bb2
Bb7 11. Qe2 $14) 9... Nbd7 (9... b6 10. f4 Bb7 (10... Qc7 $5) 11. f5 $1 e5 12.
Nc2 $16) 10. f4 Re8 (10... Qc7 11. g4 $5 $36) 11. Qf3 Bf8 (11... e5 $6 12. Nf5
exf4 13. Qxf4 Ne5 14. Be2 $16) 12. Rad1 Qc7 13. Qh3 $5 g6 (13... b6 14. Nf3 {
/\e5->/}) 14. Nf3 (14. f5 $5 exf5 15. exf5 Bg7 16. Bh6 $40) 14... b6 15. Qh4
Bb7 (15... Bg7 $2 16. e5 dxe5 17. fxe5 Nxe5 (17... Nh5 18. g4 $18) 18. Nxe5
Qxe5 19. Bd4 $18) 16. Ng5 $5 (16. e5 dxe5 17. fxe5 Bxf3 18. Rxf3 Qxe5 19. Bd4
Bc5 $1 $17) 16... h6 $2 (16... Bg7 $5 17. Nxf7 Kxf7 18. e5 dxe5 19. fxe5 Nxe5
$1 (19... Qxe5 20. Be4 Qc7 21. Qxh7 $40 Nf8 22. Rxf6+ Kxf6 23. Rf1+ Ke5 24. Qh4
Kd6 25. Rd1+ $18) 20. Rxf6+ Kg8 $1 $13 (20... Bxf6 21. Qxh7+ Bg7 22. Bxg6+ $1
Nxg6 23. Rf1+ Ke7 24. Qxg7+ Kd8 25. Qxg6 $16)) 17. Nxf7 $1 Kxf7 18. e5 dxe5 (
18... Nh5 19. g4 Ng7 20. Qxh6 $18) (18... Ng8 19. Qg3 Ne7 20. exd6 Qxd6 21.
Bxg6+ Nxg6 22. Rxd6 Bxd6 23. Rd1 $18) 19. fxe5 Qxe5 20. Be4 $1 Kg8 21. Bd4 Bc5
22. Bxb7 g5 (22... Bxd4+ 23. Rxd4 g5 24. Qf2 $16) 23. Qf2 Ng4 24. Bxe5 $1 (24.
Qf7+ Kh8 25. Qxd7 Rad8 $19) 24... Bxf2+ 25. Rxf2 Ndxe5 (25... Nxf2 26. Rxd7 $18
) 26. Re2 $1 (26. Bxa8 Nxf2 27. Kxf2 Rxa8 28. b3 Kf7 $14) 26... Ra7 27. Bf3 $1
Nxf3+ 28. gxf3 Nf6 29. Rd6 $16 b5 30. cxb5 axb5 31. Rdxe6 Rxe6 32. Rxe6 Kg7 (
32... b4 33. Nb5 $1 Ra5 34. Rxf6 Rxb5 35. Rxh6 Ra5 36. Rb6 Rxa2 37. Rxb4 $18)
33. Rb6 Rd7 34. Rxb5 Rd3 35. a4 $18 Rxf3 36. a5 Ng4 37. a6 Ne3 38. h3 Rf1+ 39.
Kh2 Ra1 (39... Rf2+ 40. Kg3 Rf8 41. a7 Nf1+ 42. Kg2 Ne3+ 43. Kg1 Rf1+ 44. Kh2
$18) 40. Rb7+ Kg6 41. a7 h5 42. Nb5 h4 43. Re7 $1 (43. Rb8 Rf1 $10) (43. Re7
Nd5 44. Re8 Nb6 45. Re6+ $18) 1-0

[Event "Linares-03"]
[Site "Linares"]
[Date "1981.01.26"]
[Round "8"]
[White "Karpov, Anatoly"]
[Black "Bellon Lopez, Juan Manuel"]
[Result "1/2-1/2"]
[WhiteElo "2690"]
[BlackElo "2415"]
[Annotator "Kharitonov,A"]
[PlyCount "117"]
[EventDate "1981.01.17"]
[EventType "tourn"]
[EventRounds "11"]
[EventCountry "ESP"]
[EventCategory "13"]
[SourceTitle "MCL"]
[Source "ChessBase"]
[SourceDate "1999.07.01"]
[SourceVersion "1"]
[SourceVersionDate "1999.07.01"]
[SourceQuality "1"]

1. e4 c5 2. Nf3 e6 3. d4 cxd4 4. Nxd4 a6 5. Bd3 Nf6 6. O-O d6 (6... Qc7 7. b3
d6 8. Bb2 Nbd7 9. c4 g6 $5 10. Nc3 Bg7 11. Qe2 O-O 12. Rad1 b6 13. Bb1 Bb7 14.
Kh1 Rfe8 15. f4 e5 $1 $13 {Short,N-Sax,G/Amsterdam/1983/0:1 (41)/}) 7. c4 Be7 (
7... b6 8. Nc3 Bb7 9. f4 Nc6 10. Nxc6 $1 Bxc6 11. Kh1 Be7 12. Qe2 O-O 13. b3
Qc7 14. Bb2 Rad8 15. Rae1 Bb7 16. Bb1 Nd7 17. Qg4 Bf6 18. Re3 $1 $40 {Mokry,
K-Gheorghiu,F/Prag(zt)1985/1:0 (30)/}) 8. Nc3 O-O 9. Qe2 Re8 (9... Nc6 10. Nxc6
$5 bxc6 11. b3 $14) (9... b6 10. b3 Bb7 11. Bb2 Nc6 (11... Nbd7 12. Rae1 $36)
12. Nxc6 $1 Bxc6 13. Rae1 Re8 14. f4 g6 15. e5 $16 {Ermenkov,EGheorghiu,F/Prag
(zt)/1985/1:0 (41)/}) 10. Rd1 $6 (10. b3 $142) 10... Qc7 11. Be3 b6 12. Rac1
Bb7 $13 13. f4 (13. f3 $5 Nbd7 14. b3 Rac8 15. Qf2 $14) 13... Bf8 14. Kh1 Nbd7
15. b4 $5 Rac8 (15... e5 $6 16. Nd5 Qd8 17. fxe5 $16) 16. Nb3 Qb8 17. Bd2 (17.
a4 $5 Ba8 (17... d5 $6 18. e5)) 17... g6 18. Rf1 (18. a4 d5 19. e5 (19. cxd5
Bxb4 $13) 19... dxc4 20. Bxc4 Nh5 21. Nd4) 18... Qa8 (18... d5 $5) 19. a3 Bg7 (
19... d5 20. cxd5 exd5 21. e5 Nh5 22. Nd4 $16) 20. a4 (20. Rfe1 d5 21. cxd5
Nxe4 $1 22. Qxe4 (22. Bxe4 exd5 23. Nxd5 Rxc1 24. Nxc1 Bxd5 25. Bxd5 Rxe2 26.
Bxa8 Rxd2 $10) 22... exd5 23. Qf3 d4 24. Be4 dxc3 25. Bxb7 cxd2 26. Rxe8+ Rxe8
27. Nxd2 (27. Bxa8 $2 Re1+ 28. Qf1 dxc1=Q $19) 27... Qa7 $13) 20... d5 $1 21.
cxd5 (21. e5 $2 dxc4 22. Bxc4 Rxc4 23. Qxc4 (23. exf6 Rxb4) 23... Bxg2+ 24. Kg1
Bxf1 $17) 21... Nxe4 $1 22. Bxe4 (22. Qxe4 $2 exd5 23. Qf3 d4 $19) (22. Nxe4
Rxc1 23. Bxc1 exd5 $19) 22... exd5 (22... Bxc3 $6 23. Bxc3 exd5 24. Qg4 $18)
23. Nxd5 Bxd5 24. Bxd5 Qxd5 25. Rxc8 Rxc8 26. Rf3 (26. Qxa6 Ra8 27. Qb5 Qxb3
28. Qxd7 Qxa4 $10) 26... b5 27. axb5 axb5 (27... Qxb5 $10) 28. h3 Bf8 (28...
Nb6 29. Nc5 Nc4 30. Bc3 $10) 29. Rd3 Qc4 30. Na5 Re8 $5 31. Nxc4 (31. Qf3 Qc7
32. Rc3 Qd6 33. Rd3 $10) 31... Rxe2 32. Rxd7 (32. Nd6 $6 Nf6 33. Nxb5 Ne4 $36)
32... bxc4 33. b5 (33. Rd8 Re6 $1 $8 34. b5 Kg7 35. Bc3+ f6 36. Bd4 Rd6 37.
Rxd6 Bxd6 38. g3 $10) 33... Re6 34. Bc3 Rb6 35. Rd5 $6 (35. Rc7 $142 Rxb5 36.
Rxc4 $10) 35... Rd6 $1 36. Rd4 Rxd4 37. Bxd4 Bd6 $15 38. g3 Kf8 39. Kg2 Ke7 40.
Kf3 Ke6 41. Be3 Kd5 42. Ke2 Bc5 43. b6 Bd6 (43... Bxe3 44. Kxe3 Kc6 45. Kd4 $10
) 44. Kd2 Bb4+ (44... Ke4 45. b7 Bb8 46. Bb6 Kf3 $6 (46... Kd5 47. Kc3 Kc6 48.
Bf2 $10) 47. Kc3 Kxg3 48. Kxc4 Kxf4 49. Kd5 f5 50. Kc6 Ke4 51. Bc7 Ba7 52. Kb5
f4 53. Ka6 f3 54. Kxa7 f2 55. b8=Q f1=Q $16) 45. Kc2 Kc6 46. Kb2 $1 $8 f5 47.
Bf2 h5 48. h4 $8 Kb7 49. Ka2 $1 $8 Ba5 50. Ka3 $1 $10 Bc3 (50... Bxb6 51. Bxb6
Kxb6 52. Kb4 c3 53. Kxc3 Kc5 54. Kd3 Kd5 55. Ke3 Kc4 56. Ke2 $10) 51. Ka4 Bd2
52. Ka3 Ba5 53. Ka4 Bd2 54. Ka3 Kc6 55. Ka4 Bc3 56. b7 Kxb7 57. Kb5 Bd2 58.
Kxc4 Kc6 59. Kd3 1/2-1/2

[Event "GMA-qual f"]
[Site "Moscow"]
[Date "1990.??.??"]
[Round "3"]
[White "King, Daniel J"]
[Black "Psakhis, Lev"]
[Result "0-1"]
[WhiteElo "2515"]
[BlackElo "2570"]
[Annotator "King,D"]
[PlyCount "98"]
[EventDate "1990.05.??"]
[EventType "swiss"]
[EventRounds "11"]
[EventCountry "URS"]
[SourceTitle "TD"]
[Source "ChessBase"]
[SourceDate "1994.03.01"]
[SourceVersion "1"]
[SourceVersionDate "1994.03.01"]
[SourceQuality "1"]

1. e4 c5 2. Nf3 e6 3. d4 cxd4 4. Nxd4 a6 5. Bd3 Nf6 6. O-O Qc7 7. Qe2 d6 8. f4
g6 9. Kh1 (9. f5 {is more energetic.}) 9... Bg7 10. Nc3 O-O 11. Nf3 Nc6 {
At this point I changed my mind. Instead of going for e5, I re-routed the
queen and went for the tried and tested kingside hack - never mind the tempo
loss! Probably a bit daft, but still rather dangerous.} 12. Qf2 $6 (12. Bd2 {
followed by Rae1, with thoughts of e5 is more sensible.}) 12... b5 13. Qh4 Bb7
14. f5 {The one difference here which is potentially in my favour is the
position of the knight on c6. Normally it performs an excellent task defendng
its comrade on f6, which in turn protects h7. However, I blundered so quickly
that this was not to be at all significant.} exf5 15. Bg5 $2 {Quite simply an
oversight.} (15. exf5 {is sharp:} Ne5 $5 {(to expose g2)} 16. Nxe5 dxe5 17. Bg5
Qc6 18. Qh3 {I feel that Black should be fine with his pressure on g2.}) 15...
fxe4 {- I had failed to consider, and now I am a pawn down for not very much,
though the game did have a few amusing twists.} 16. Bxe4 Nxe4 17. Nxe4 f5 18.
Nf6+ Bxf6 19. Bxf6 Ne5 20. Nxe5 dxe5 21. Rxf5 Qxc2 22. Rf2 Qd3 23. Be7 Rf4 24.
Rxf4 exf4 25. Qxf4 Bxg2+ 26. Kg1 Bb7 27. Qe5 Qh3 28. Qg3 Qe6 29. Re1 Qxa2 30.
Qe5 Re8 31. Qd6 Qc4 32. Qg3 Qd4+ 33. Qe3 Qd5 34. Qg3 Rc8 35. Re2 Qd4+ 36. Qe3
Qg4+ 37. Kf2 Qf5+ 38. Kg3 Re8 39. h3 Qd5 40. Kh2 b4 41. Kg3 a5 42. b3 Ba8 43.
Rd2 Qf7 44. Rd8 Bd5 45. Bf6 Bc6 46. Rxe8+ Qxe8 47. Be5 Qe6 48. Kh4 Bd7 49. Bd4
Qf5 0-1

[Event "NED-ch51"]
[Site "Amsterdam"]
[Date "1996.06.11"]
[Round "5"]
[White "Hendriks, Willy"]
[Black "Nijboer, Friso"]
[Result "0-1"]
[WhiteElo "2425"]
[BlackElo "2475"]
[Annotator "King,D"]
[PlyCount "38"]
[EventDate "1996.06.07"]
[EventType "tourn"]
[EventRounds "11"]
[EventCountry "NED"]
[EventCategory "11"]
[SourceTitle "CBM 054"]
[Source "ChessBase"]
[SourceDate "1996.10.01"]
[SourceVersion "1"]
[SourceVersionDate "1996.10.01"]
[SourceQuality "1"]

1. e4 c5 2. Nf3 e6 3. d4 cxd4 4. Nxd4 a6 5. Bd3 g6 6. c4 Bg7 7. Nb3 Ne7 8. Nc3
Nbc6 9. O-O O-O 10. Bf4 d5 11. cxd5 exd5 12. Qd2 dxe4 13. Bxe4 Qxd2 14. Bxd2
Bf5 15. Bf3 a5 $1 {Combined with the bishops, the a-pawn is deadly. White
should play 16 a3 and hope for the best.} 16. Rfe1 $2 a4 17. Nc5 a3 18. bxa3
Rad8 19. Rxe7 Nxe7 0-1

[Event "Beersheba"]
[Site "Beersheba"]
[Date "1991.??.??"]
[Round "?"]
[White "Alterman, Boris"]
[Black "Tseitlin, Mark D"]
[Result "1-0"]
[WhiteElo "2465"]
[BlackElo "2435"]
[Annotator "Knaak,R"]
[PlyCount "131"]
[EventDate "1991.07.??"]
[EventType "tourn"]
[EventRounds "10"]
[EventCountry "ISR"]
[EventCategory "11"]
[SourceTitle "CBM 025"]
[Source "ChessBase"]
[SourceDate "1991.12.01"]
[SourceVersion "1"]
[SourceVersionDate "1991.12.01"]
[SourceQuality "1"]

1. d4 Nf6 2. c4 g6 3. Nc3 Bg7 4. e4 d6 5. f3 O-O 6. Be3 Nbd7 7. Qd2 (7. Bd3 $1)
7... a6 8. Bd3 c5 9. Nge2 e6 10. O-O cxd4 11. Nxd4 d5 12. exd5 exd5 13. Rad1 (
13. cxd5 Nb6 $10) (13. Rac1 $5) 13... dxc4 14. Bxc4 Qc7 15. Bb3 Nc5 16. Bc2 Ne6
17. Nb3 b5 $2 (17... Rd8 $1 18. Qf2 Rxd1 19. Rxd1 b5 {/\ 22.Bb6 Qe7 Timman})
18. Qd6 $1 $16 {Timman} Qxd6 19. Rxd6 b4 (19... Re8 20. Rfd1 Bf8 21. R6d2 Rb8
22. Na5 $16 {Timman-Hjartarson/Beograd/1989/i44/729}) 20. Na4 Rb8 21. Rfd1 Re8
22. Kf2 Rb5 23. Nb6 Bf8 24. R6d2 Bb7 25. h3 h5 26. Bd3 Re5 27. Nc4 Rd5 28. Nca5
Bc8 29. Bc4 Rf5 30. Kg1 Re5 31. Bf2 Bh6 32. Nc6 Bxd2 33. Nxe5 Bh6 34. Nc5 Bf8
35. Ncd7 Nxd7 36. Nxd7 Bg7 37. Nb6 a5 38. b3 Bb7 39. Rd7 Bc6 40. Rd6 Bb7 41.
Bb5 Rb8 42. Rd7 Be5 43. Kf1 Nf8 44. Rd3 Bf6 45. Bc4 Rd8 46. Nd5 Bxd5 47. Rxd5
Ra8 48. Rd6 Bc3 49. Ke2 Ne6 50. Be3 Kf8 51. Ra6 Rd8 52. Bxe6 fxe6 53. Rxa5 Rc8
54. Kd3 Ke7 55. Ke4 Ke8 56. Ra6 Kd7 57. Ra7+ Ke8 58. g4 hxg4 59. hxg4 Rc6 60.
Bd4 Rc8 61. Rb7 Rc6 62. Rb6 Rc7 63. Rxe6+ Kf7 64. Rf6+ Ke8 65. Rxg6 Re7+ 66.
Kd3 1-0

[Event "Griesheim Testa GM"]
[Site "Griesheim"]
[Date "2004.01.21"]
[Round "2"]
[White "Murdzia, Piotr"]
[Black "Ginsburg, Gennadij"]
[Result "1/2-1/2"]
[WhiteElo "2445"]
[BlackElo "2486"]
[Annotator "Konikowski,J"]
[PlyCount "54"]
[EventDate "2004.01.20"]
[EventType "tourn"]
[EventRounds "9"]
[EventCountry "GER"]
[EventCategory "10"]
[SourceTitle "CBM 099"]
[Source "ChessBase"]
[SourceDate "2004.03.30"]
[SourceVersion "1"]
[SourceVersionDate "2004.03.30"]
[SourceQuality "1"]

1. e4 c5 2. Nf3 e6 3. d4 cxd4 4. Nxd4 a6 5. Bd3 Bc5 6. Nb3 Be7 7. Be3 Nc6 (7...
Nf6 8. N1d2 d6 9. a4 Nbd7 10. a5 d5 11. O-O O-O 12. Re1 dxe4 13. Nxe4 Nd5 14.
Bd4 Qc7 15. Ra4 e5 16. Nc3 Nb4 17. Be3 Nf6 18. Bb6 Qb8 19. Nc5 $16 {Ivanchuk,
V-Smirin,I/Budapest 1999/}) 8. f4 $146 {[%mdl 8]} (8. Nc3 b5 9. O-O Nf6 10. f4
d6 11. a3 Bb7 12. Qe2 O-O 13. Rad1 Rc8 14. e5 Nd5 15. Nxd5 exd5 16. Nd4 Nxd4
17. Bxd4 dxe5 18. Bxe5 Bc5+ 19. Kh1 g6 20. f5 g5 21. f6 {1-0 Sander,R-Bue,G/
Gausdal 2003/}) 8... Nf6 9. N1d2 d6 10. Qe2 Qc7 11. O-O-O (11. Nc4 $14 Nd7 12.
a4 d5 $11) 11... e5 12. Kb1 O-O 13. f5 d5 14. g4 d4 15. Bf2 Nd7 16. Rhg1 a5 17.
g5 a4 18. Nc1 a3 19. g6 $2 {[%mdl 8192]} (19. b3 Bb4 20. g6 fxg6 21. fxg6 h6
$13) 19... axb2 (19... fxg6 $142 $1) 20. gxh7+ $11 Kh8 21. Rxg7 bxc1=Q+ 22.
Rxc1 Qb6+ (22... Kxg7 $4 23. Qg4+ Kh8 24. Rg1 $18) 23. Nb3 Qa7 24. Na5 $4 (24.
c3 $142) 24... Qb6+ $2 (24... Qxa5 $142 25. Bc4 (25. Rg8+ Rxg8 26. hxg8=Q+ Kxg8
27. Qg4+ Kf8 28. Rg1 Qxa2+ 29. Kc1 Bf6 $19) 25... Nf6 26. Rcg1 Bd7 $19) 25. Nb3
Qa7 26. Na5 $4 (26. c3 $142) 26... Qb6+ $2 (26... Qxa5 $142 $19) 27. Nb3 Qa7
1/2-1/2

[Event "Mislata op 7th"]
[Site "Valencia"]
[Date "1998.08.18"]
[Round "6.1"]
[White "Korneev, Oleg"]
[Black "Spassov, Liuben"]
[Result "1-0"]
[WhiteElo "2600"]
[BlackElo "2440"]
[Annotator "Korneev,O"]
[PlyCount "68"]
[EventDate "1998.08.13"]
[EventType "swiss"]
[EventRounds "9"]
[EventCountry "ESP"]
[SourceTitle "EXT 2000"]
[Source "ChessBase"]
[SourceDate "1999.11.16"]
[SourceVersion "1"]
[SourceVersionDate "1999.11.16"]
[SourceQuality "1"]

1. e4 c5 2. Nf3 e6 3. d4 cxd4 4. Nxd4 a6 5. Bd3 Nf6 6. O-O Qc7 7. Qe2 d6 8. c4
g6 9. Nc3 Bg7 10. Nf3 Nc6 11. h3 {(11.Td1; 11.Af4;)} O-O 12. Rd1 Nd7 $5 13. Be3
b6 (13... Nde5 14. Nxe5 dxe5 15. Na4 $14) 14. Rac1 Nc5 (14... Bb7 $5) 15. Bb1
Bb7 16. b3 Rad8 (16... f5 $2 17. exf5 gxf5 18. Bxc5 bxc5 19. Qxe6+) (16... Ne5
17. Nd4 $5) 17. Bg5 Rd7 $6 (17... f6 18. Be3 $14) 18. Qd2 (18. Qe3) 18... Qb8
19. Bh6 a5 20. Bxg7 Kxg7 21. Qe3 Rfd8 22. Nh2 $1 Ne7 23. Ng4 Ng8 24. f4 (24.
Qd4+ e5 (24... f6 25. f4 $14) 25. Qe3 $14) 24... h5 25. Nf2 d5 $5 (25... Nf6
26. f5 $40) 26. cxd5 exd5 27. Qd4+ (27. exd5 $6 Nf6 $13) (27. e5 $2 d4) 27...
f6 (27... Nf6 28. e5) 28. e5 Ne6 (28... fxe5 29. fxe5 Ne6 30. Qxb6 Qxe5 $4 31.
Re1 $18) 29. Qxb6 (29. Qe3 fxe5 30. fxe5 d4 31. Qg3 Ne7 $13) 29... Nxf4 30. g3
d4 $6 (30... Qxe5 31. gxf4 Qxf4 32. Qd4 Qg3+ 33. Kh1 $16) (30... Ng2 $1 31. Qd4
(31. Nb5 $5 d4 32. Nc7) (31. Na4 $5) 31... fxe5 32. Qd3 Ne7 33. Kxg2 Nf5 $13)
31. gxf4 dxc3 32. Rxd7+ Rxd7 33. Rxc3 f5 $6 34. Rg3 Ne7 (34... Ne7 35. Bxf5)
1-0